[Event "Gora Sw Anny op 4th"]
[Site "Gora Sw Anny"]
[Date "2011.02.12"]
[Round "1"]
[White "Siedlecki, Adam"]
[Black "Oleksy, Helena"]
[Result "1-0"]
[WhiteElo "1860"]
[BlackElo "1441"]
[PlyCount "97"]
[EventDate "2011.02.12"]
[EventType "swiss"]
[EventRounds "9"]
[EventCountry "POL"]
[SourceTitle "CBM 140 Extra"]
[Source "ChessBase"]
[SourceDate "2011.03.01"]
[SourceVersion "1"]
[SourceVersionDate "2011.03.01"]
[SourceQuality "1"]

1. e4 e5 2. Nf3 Nc6 3. Bb5 a6 4. Ba4 b5 5. Bb3 Nf6 6. 0-0 d6 7. Re1 Na5 8. c3 Nxb3 9. Qxb3 Be7 10. d4 exd4 11. cxd4 Bb7 12. Nc3 0-0 13. Bf4 Re8 14. e5 Nh5 15. e6 fxe6 16. Qxe6+ Kh8 17. Bg3 Nxg3 18. fxg3 d5 19. Ne5 Rf8 20. Nf7+ Rxf7 21. Qxf7 Bf6 22. Rad1 Rc8 23. Re6 Qg8 24. Qxg8+ Rxg8 25. Ne2 Bc8 26. Rc6 Bg4 27. Rd2 Bxe2 28. Rxe2 Bxd4+ 29. Kf1 Rf8+ 30. Ke1 Bb6 31. Kd2 g6 32. Rce6 Kg7 33. g4 Rf6 34. Re7+ Rf7 35. h4 h6 36. Kd3 c5 37. R2e6 c4+ 38. Kc2 Bc5 39. Rxf7+ Kxf7 40. Rxa6 d4 41. Ra5 d3+ 42. Kd1 Bd4 43. Rxb5 g5 44. h5 Kf6 45. Rb4 Ke5 46. Rxc4 Bxb2 47. Kd2 Kd5 48. Kxd3 Be5 49. a4 1-0